Culture Générale - Série 2392 - Statistiques

Statistiques générales
  • Ce quiz a été pris 99 fois
  • Le résultat moyen est 3 sur 10
Statistiques - réponses
Question Réponse % Correct
Dans quel sport pouvez-vous entendre ces termes " split-spare-strike" ? bowling
93%
Avant le combat, que jettent les sumotoris au centre de la piste ? sel
50%
A quelle discipline est associé maître Matsumura (1809-1896) ? karaté
42%
Il est parfois difficile d'en sortir ou on y met la main à la pâte. pétrin
34%
Quel est le prénom de l'actrice qui incarnait " Emma Peel" dans la série "Chapeau melon et bottes de cuir" des années 1960 ? voir photo Diana
23%
Après l'équitation, le tir au pistolet, la natation et le cross-country, quelle est la cinquième épreuve du pentathlon moderne ? escrime
21%
Quel verbe familier de 10 lettres commençant par " t " est synonyme de "tracasser,tourmenter" ? turlupiner
21%
Quel est l'ancêtre du rugby ? soule
18%
Dans le langage familier, c'est le pied - 6 lettres finissant par " n " arpion
9%
Maladie que l'on dit d'une personne qui croit voir des choses qui n'existent pas. berlue
4%
Aucun quiz correspondant
Distribution des résultats
% des personnes avec chaque résultat
Percentile par nombre de réponses
Votre historique - résultats
Vous n’avez pas pris ce quiz